| 000 | 00798nmc a2200277 a 4500 | ||
|---|---|---|---|
| 003 | AR-BaBNM | ||
| 005 | 20251128205015.0 | ||
| 008 | 011101s1992 ||||||||||||||000 | spa|| | ||
| 020 | _a950-602-251-8 | ||
| 040 | _cAR-BaBNM | ||
| 100 | 1 | _aPaín, Abraham | |
| 245 | 1 | 0 |
_aEducación informal _bel potencial educativo de las situaciones cotidianas |
| 260 |
_aBuenos Aires _bNueva Visión _c1992 |
||
| 300 | 0 | _a219 p. | |
| 490 | 0 | _aPsicología contemporánea | |
| 504 | _aBibliografía: p. 209-216 | ||
| 650 | 4 | _aEDUCACION NO FORMAL | |
| 650 | 4 | _aEDUCACION PERMANENTE | |
| 650 | 4 | _aEXPERIENCIA PEDAGOGICA | |
| 650 | 4 | _aEDUCACION DE ADULTOS | |
| 650 | 4 | _aSOCIOLOGIA DE LA EDUCACION | |
| 653 | _aINNOVACIONES EDUCATIVAS | ||
| 653 | _aMETODOS EDUCATIVOS | ||
| 942 | _cBK | ||
| 998 | _cSILVI | ||
| 999 |
_c9666 _d9666 |
||